|
|
|
|
| LEADER |
00000nab a2200000uu 4500 |
| 001 |
vtls010902858 |
| 003 |
SK-MaSNL |
| 005 |
20260303142338.0 |
| 008 |
230222|2011 xo |||||||||||||||||cze| |
| 015 |
|
|
|a SNBRB
|
| 035 |
|
|
|a (urnnbn)urn:nbn:sk:snk:ar-a07pl9
|
| 035 |
|
|
|a (uuid)4c73c410-0fda-47db-aff4-235fdfd1f40a
|
| 035 |
|
|
|a urn:nbn:sk:snk-ab8u0w
|
| 040 |
|
|
|a SNKBUCL
|b slo
|c SNKBUCL
|e AACR2
|
| 041 |
0 |
|
|a cze
|
| 044 |
|
|
|a xo
|c SK
|
| 100 |
1 |
|
|a Pivoda, Petr
|4 aut
|9 1104376
|
| 245 |
1 |
0 |
|a VÝCHOVA A VZDĚLÁVÁNÍ NADANÉHO ŽÁKA NA ZÁKLADNÍ ŠKOLE
|c Petr Pivoda
|
| 773 |
0 |
|
|t Prevencia : informačný bulletin zameraný na prevenciu sociálno-patologických javov v rezorte školstva
|g Roč. 10, č. 3 (2011), s. 11-19
|
| 958 |
|
|
|a OND
|
| 958 |
|
|
|a EUIPO
|
| 958 |
|
|
|a article10
|
| 999 |
|
|
|c 1982191
|d 1984121
|